书目信息 |
| 题名: |
文学理论基础
|
|
| 作者: | ;十四院校《文学理论基础》编写组 著 | |
| 分册: | ||
| 出版信息: | 上海 上海文艺出版社 1981.01 |
|
| 页数: | 427页 | |
| 开本: | 20cm | |
| 丛书名: | ||
| 单 册: | ||
| 中图分类: | I02 | |
| 科图分类: | ||
| 主题词: | 文学理论--基本问题 | |
| 电子资源: | ||
| ISBN: | ||
| 000 | 00618nam0 2200205 45 | |
| 001 | 0204150810 | |
| 005 | 20070730093934.48 | |
| 010 | @dCNY1.15 | |
| 091 | @a10078.3193 | |
| 100 | @a20020415d1981 km y0chiy0120 ea | |
| 101 | 0 | @achi |
| 200 | 1 | @a文学理论基础@AWen Xue Li Lun Ji Chu@f十四院校《文学理论基础》编写组著@FShi Si Yuan Xiao《Wen Xue Li Lun Ji Chu》Bian Xie Zu Zhu |
| 210 | @a上海@c上海文艺出版社@d1981.01 | |
| 215 | @a427页@d20cm | |
| 300 | @a高校文科教材 | |
| 606 | 0 | @a文学理论@x基本问题 |
| 690 | @aI02@v3 | |
| 711 | 02 | @a十四院校《文学理论基础》编写组@4著 |
| 801 | @aCN@bTSTC@c20070730 | |
| 905 | @dI02@e13 | |
| 文学理论基础/十四院校《文学理论基础》编写组著.-上海:上海文艺出版社,1981.01 |
| 427页;20cm |
| 高校文科教材 |
| ISBN :CNY1.15 |
| ● |
| 相关链接 |
|
|
|
|
正题名:文学理论基础
索取号:I02/13
 
预约/预借
| 序号 | 登录号 | 条形码 | 馆藏地/架位号 | 状态 | 备注 |
| 1 | 0039249 | 000840745 | 第二借阅区/ [索取号:I02/13] | 在馆 | |
| 2 | 0039250 | 001793465 | 密集书库/ [索取号:I02/13] | 在馆 | |
| 3 | 0039251 | 001796925 | 密集书库/ [索取号:I02/13] | 在馆 | |
| 4 | 0039252 | 000840772 | 第二借阅区/ [索取号:I02/13] | 在馆 | |
| 5 | 0039253 | 000840736 | 第二借阅区/ [索取号:I02/13] | 在馆 | |
| 6 | 0039254 | 001816761 | 密集书库/ [索取号:I02/13] | 在馆 | |
| 7 | 0039255 | 001926214 | 密集书库/ [索取号:I02/13] | 在馆 | |
| 8 | 0039258 | 001816752 | 密集书库/ [索取号:I02/13] | 在馆 | |
| 9 | 0039259 | 000840692 | 第二借阅区/ [索取号:I02/13] | 在馆 | |
| 10 | 0039261 | 001816716 | 密集书库/ [索取号:I02/13] | 在馆 | |
| 11 | 0039262 | 001816789 | 密集书库/ [索取号:I02/13] | 在馆 | |
| 12 | 0039263 | 001816770 | 密集书库/ [索取号:I02/13] | 在馆 | |
| 13 | 0039264 | 000840825 | 第二借阅区/ [索取号:I02/13] | 在馆 | |
| 14 | 0039265 | 000840781 | 第二借阅区/ [索取号:I02/13] | 在馆 | |
| 15 | 0039266 | 000840861 | 第二借阅区/ [索取号:I02/13] | 在馆 | |
| 16 | 0039267 | 001926223 | 密集书库/ [索取号:I02/13] | 在馆 | |
| 17 | 0039268 | 001926205 | 密集书库/ [索取号:I02/13] | 在馆 | |
| 18 | 0177635 | 202068252 | 第一样本阅览室/ [索取号:I02/13] | 在馆 | |
| 19 | 0427299 | 204272991 | 密集书库/ [索取号:I02/13] | 在馆 | |
| 20 | 0427372 | 204273721 | 密集书库/ [索取号:I02/13] | 在馆 | |
| 21 | 0427631 | 204276318 | 密集书库/ [索取号:I02/13] | 在馆 | |
| 22 | 0450668 | 204506686 | 密集书库/ [索取号:I02/13] | 在馆 | |
| 23 | 0468349 | 204683495 | 密集书库/ [索取号:I02/13] | 在馆 | |
| 24 | 0468350 | 204683501 | 密集书库/ [索取号:I02/13] | 在馆 | |
| 25 | 0785931 | 207859316 | 密集书库/ [索取号:I02/13] | 在馆 | |
| 26 | 0786923 | 207869234 | 密集书库/ [索取号:I02/13] | 在馆 |